Иностранные народные поэты в биографиях и образцах (Запись № 5847961)

Подробности
000 -МАРКЕР
контрольное поле 02421nam0a22003971 4500
001 - ИДЕНТИФИКАТОР ЗАПИСИ
контрольное поле v19\rc\1803997
005 - ИДЕНТИФИКАТОР ВЕРСИИ
контрольное поле 20260406094252.0
035 ## - ДРУГИЕ СИСТЕМНЫЕ НОМЕРА
Идентификатор записи (NLR Aleph) 005255545
100 ## - ДАННЫЕ ОБЩЕЙ ОБРАБОТКИ
Данные общей обработки 20071224d1906 u y0rusy50 ca
101 0# - ЯЗЫК РЕСУРСА
Язык текста, звукозаписи и т.д. русский
102 ## - СТРАНА ПУБЛИКАЦИИ ИЛИ ПРОИЗВОДСТВА
Страна публикации Российская Федерация
105 ## - ПОЛЕ КОДИРОВАННЫХ ДАННЫХ: ТЕКСТОВЫЕ МАТЕРИАЛЫ, МОНОГРАФИЧЕСКИЕ
Кодированные данные о монографическом текстовом документе c z ||||b
200 1# - ЗАГЛАВИЕ И СВЕДЕНИЯ ОБ ОТВЕТСТВЕННОСТИ
Основное заглавие Иностранные народные поэты в биографиях и образцах
Сведения, относящиеся к заглавию Р. Борнс, П. Беранже, А. Петефи, А. Негри, М. Конопницкая, И. Амброзиус
Первые сведения об ответственности Под ред. И.А. Белоусова
210 ## - ПУБЛИКАЦИЯ, РАСПРОСТРАНЕНИЕ И ДР.
Место издания, распространения и т.д. Москва
Имя издателя, распространителя и т. д. Ф.Д. Постников
Дата издания, распространения и т.д. 1906
Имя изготовителя типо-лит. П.К. Прянишникова
215 ## - ФИЗИЧЕСКАЯ ХАРАКТЕРИСТИКА
Специфическое обозначение материала и объем 52 с.
Другие сведения о физической характеристике портр.
Размеры 24
311 ## - ПРИМЕЧАНИЯ, ОТНОСЯЩИЕСЯ К ПОЛЯМ СВЯЗИ (ПРИМЕЧАНИЯ О СВЯЗИ С ДРУГИМИ ПРОИЗВЕДЕНИЯМИ (ИЗДАНИЯМИ))
Текст примечания Беспл. прил. к журн. "Дет. друг"
316 ## - ПРИМЕЧАНИЯ ОБ ОСОБЕННОСТЯХ ЭКЗЕМПЛЯРА
Текст примечания Экз. РНБ (19.59.6.20): приплетен к: Эркман-Шатриан. Рейнские рассказы. М., 1906
Организация и экземпляр, к которому относится поле NLR: 19.59.6.20
422 #0 - ИЗДАНИЕ, К КОТОРОМУ ОТНОСИТСЯ ПРИЛОЖЕНИЕ
Встроенное поле 2001#$aДетский друг
Заглавие Детский друг
482 #0 - ПРИПЛЕТЕНО К
Встроенное поле 2001#$aРейнские рассказы
-- 210##$aМосква$d1906
-- 700#1$3RU\NLR\AUTH\7717144$7ca$aЭркман$bЭ.$f1822-1899$gЭмиль
-- 701#1$3RU\NLR\AUTH\7717145$7ca$aШатриан$bА.$f1826-1890$gАлександр
Заглавие Рейнские рассказы
Автор Эркман, Эмиль (1822-1899)
702 #1 - ИМЯ ЛИЦА - ВТОРИЧНАЯ ОТВЕТСТВЕННОСТЬ
Код отношения Прочие
Материалы, к которым относится поле rus
Графика поля Кириллица
Начальный элемент ввода Бернс
Часть имени, кроме начального элемента ввода Р.
Дополнения к именам, кроме дат поэт
Расширение инициалов личного имени Роберт
Даты 1759-1796
Идентификатор авторитетной/нормативной записи RU\NLR\auth\7725988
Системный номер авторитетной/нормативной записи 9033
702 #1 - ИМЯ ЛИЦА - ВТОРИЧНАЯ ОТВЕТСТВЕННОСТЬ
Код отношения Прочие
Материалы, к которым относится поле rus
Графика поля Кириллица
Начальный элемент ввода Беранже
Часть имени, кроме начального элемента ввода П.-Ж.
Даты 1780-1857
Расширение инициалов личного имени Пьер-Жан
Идентификатор авторитетной/нормативной записи RU\NLR\auth\7729697
Системный номер авторитетной/нормативной записи 12725
702 #1 - ИМЯ ЛИЦА - ВТОРИЧНАЯ ОТВЕТСТВЕННОСТЬ
Код отношения Прочие
Материалы, к которым относится поле rus
Графика поля Кириллица
Начальный элемент ввода Петефи
Часть имени, кроме начального элемента ввода Ш.
Расширение инициалов личного имени Шандор
Даты 1823-1849
Идентификатор авторитетной/нормативной записи RU\NLR\AUTH\7749433
Системный номер авторитетной/нормативной записи 32368
702 #1 - ИМЯ ЛИЦА - ВТОРИЧНАЯ ОТВЕТСТВЕННОСТЬ
Код отношения Прочие
Материалы, к которым относится поле rus
Графика поля Кириллица
Начальный элемент ввода Конопницкая
Часть имени, кроме начального элемента ввода М.
Даты 1842-1910
Расширение инициалов личного имени Мария
Идентификатор авторитетной/нормативной записи RU\NLR\auth\7745464
Системный номер авторитетной/нормативной записи 28402
702 #1 - ИМЯ ЛИЦА - ВТОРИЧНАЯ ОТВЕТСТВЕННОСТЬ
Код отношения Прочие
Материалы, к которым относится поле rus
Графика поля Кириллица
Начальный элемент ввода Амброзиус
Часть имени, кроме начального элемента ввода И.
Даты 1854-1939
Расширение инициалов личного имени Иоанна
Идентификатор авторитетной/нормативной записи RU\NLR\AUTH\7762844
Системный номер авторитетной/нормативной записи 45774
702 #1 - ИМЯ ЛИЦА - ВТОРИЧНАЯ ОТВЕТСТВЕННОСТЬ
Код отношения Редактор
Материалы, к которым относится поле rus
Графика поля Кириллица
Начальный элемент ввода Белоусов
Часть имени, кроме начального элемента ввода И. А.
Дополнения к именам, кроме дат писатель, поэт
Даты 1863-1930
Расширение инициалов личного имени Иван Алексеевич
Идентификатор авторитетной/нормативной записи RU\NLR\AUTH\7768575
Системный номер авторитетной/нормативной записи 51503
702 #1 - ИМЯ ЛИЦА - ВТОРИЧНАЯ ОТВЕТСТВЕННОСТЬ
Код отношения Прочие
Графика поля Кириллица
Материалы, к которым относится поле rus
Начальный элемент ввода Негри
Часть имени, кроме начального элемента ввода А.
Даты 1870-1945
Расширение инициалов личного имени Ада
Идентификатор авторитетной/нормативной записи RU\NLR\AUTH\770286606
Системный номер авторитетной/нормативной записи 2685821
801 #0 - ИСТОЧНИК ЗАПИСИ
Страна Российская Федерация
Организация NLR
Дата составления 20071224
Правила каталогизации psbo
801 #0 - ИСТОЧНИК ЗАПИСИ
Страна Российская Федерация
Организация RuMoRGB
Дата составления 20071224
Источник данных psbo
801 #1 - ИСТОЧНИК ЗАПИСИ
Страна Российская Федерация
Организация ProSoft-M
Дата составления 20071224
Источник данных rusmarc
801 #2 - ИСТОЧНИК ЗАПИСИ
Страна Российская Федерация
Организация NLR
Дата составления 20080326
Источник данных rusmarc
852 ## - МЕСТОНАХОЖДЕНИЕ И ШИФР ХРАНЕНИЯ
Идентификатор организации NLR
Шифр хранения (Call Number) 34.84.5.46
852 ## - МЕСТОНАХОЖДЕНИЕ И ШИФР ХРАНЕНИЯ
Идентификатор организации NLR
Шифр хранения (Call Number) 19.59.6.20(алл. 3)
942 ## - ДОПОЛНИТЕЛЬНЫЕ ЭЛЕМЕНТЫ ЗАПИСИ (АБИС)
Тип экземпляра АБИС Книга
980 ## - КОЛЛЕКЦИЯ
Название коллекции Национальная библиография
Экземпляры
Тип экземпляра Дата поступления Библиотека постоянного хранения Библиотека текущего хранения Место хранения Шифр хранения Штрих-код Статус экземпляра
Книга 26.10.2013 РНБ (Садовая) РНБ (Садовая) Русский книжный фонд -Главное здание, Ленинский читальный зал 34.84.5.46 5255545-10  
Книга 26.10.2013 РНБ (Садовая) РНБ (Садовая) Русский книжный фонд -Главное здание, Ленинский читальный зал 19.59.6.20(алл. 3) 5255545-20